000 01608cam a2200337 i 4500
003 SA-RiAUC
005 20250217085852.0
008 250215s2005 jo f b 00110 ara c
040 _aSA-RiKAPL
_bara
_cSA-RiAUC
_erda
082 0 4 _a257.5
_qSA-RiAUC
090 _a257.5
_b ش ن ي
100 1 _aشنيور، عبد الناصر محمد
_eمؤلف.
245 1 2 _aالإثبات بالخبرة بين القضاء الإسلامي والقانون الدولي وتطبيقاتها المعاصرة :
_bدراسة مقارنة /
_cعبد الناصر محمد شنيور ؛ تقديم تيسير رجب بيوض التميمي، نبيه صالح.
250 _aالطبعة الأولى.
264 1 _aعمان، الأردن :
_bدار النفائس للنشر والتوزيع،
_c2005
300 _a275 صفحة ؛
_c24 × 17 سم
336 _aنص
_btxt
_2rdacontent
_3كتاب
337 _aبدون وسيط
_bn
_2rdamedia
338 _aمجلد
_bnc
_2rdacarrier
500 _aالأصلا أطروحة ماجستير-جامعة النجاح الوطنية، 2003.
500 _aيشتمل على كشافات.
504 _aببليوجرافية : صفحة 243-261.
650 7 _aالإثبات (فقه إسلامي)
_2aucsh
650 7 _aشهادة الخبراء
_2aucsh
650 7 _aالإثبات (قانون)
_2aucsh
650 7 _aالإثبات (قانون دولي)
_2aucsh
700 1 _aبيوض، تيسير رجب التميمي،
_d1952-
_eمقدم.
700 1 _aصالح، نبيه
_eمقدم.
942 _2ddc
_cBOOK
_n0
949 _aSA-JeALM
_d250215
_umohamedma123
_n1
999 _c6046
_d6046